000 01056cam a22002531 4500
001 sa 68012295
003 DLC
005 20260227112608.0
008 901026q19601968ii 000 0 arar
010 _asa 68012295
025 _aPL480:I-Ar-59
035 _a(OCoLC)22590152
040 _aDLC
_cWaU
_dDLC
042 _apremarc
050 0 0 _aPJ6161
_b.T35 1960z
100 1 _aTaftāzānī, Masʻūd ibn ʻUmar,
_d1322-1389?
245 1 3 _aal-Muṭawwal,
_bmaʻa ḥāshīyat al-jadidah al-mufīdah, aʻnī bah al-miʻwal.
260 _aDihlī,
_bKutubʹkhānah-ʼi Rashīdīyah
_c[196-?]
300 _a180 p.
_c28 cm.
500 _aReproduced from MS. copy.
500 _aA commentary by al-Taftāzānī entitled al-Muṭawwal, on Talkhīṣ al-Miftāḥ by al-Qazwini. The latter work is itself an extract from al-Sakkākī's Miftāḥ al-ʻUlūm, part 3 (ʻIlm al-maʻānī wa-al-bayān)
650 0 _aArabic language
_xRhetoric.
700 1 _aQazwīnī, Jalāl al-Dīn Muḥammad ibn ʻAbd al-Raḥmān,
_d1267 or 1268-1338.
_tTalkhīṣ al-Miftāh.
999 _c84435
_d84435